Marxes i operacions de nit / [Francesc Macià]
Descripción Física:
23 p. ; 21 cm
Materias:
Marxa (Ciència militar)
MARC
| LEADER | 00000nam a2200000Ia 4500 | ||
|---|---|---|---|
| 001 | 15920 | ||
| 008 | 160829s1926 xx 000 0 cat d | ||
| 080 | |a RF-12-48 | ||
| 100 | |a Macià, Francesc, |d 1859-1933 |9 5285 | ||
| 245 | |a Marxes i operacions de nit / [Francesc Macià] | ||
| 260 | |a [Barcelona : |b s.n.], |c 1926 | ||
| 300 | |a 23 p. ; |c 21 cm | ||
| 490 | |a Publicacions de l'Estat Català ; Document n. 15. Secció: Ensenyament | ||
| 590 | |a Precedeix al títol: Exèrcit català. | ||
| 590 | |a El nom de l'autor s'ha extret de l'última página del fulletó. | ||
| 590 | |a Duplicat del fons Macià, originals a l'Arxiu Nacional de Catalunya. | ||
| 650 | |a Marxa (Ciència militar) |9 39105 | ||
| 856 | 4 | |u https://media.diba.cat/diba/fitxers/arxiu/fulletons/bib_15920_1926_baixa.pdf |y Accés lliure | |
| 856 | 4 | |u https://media.diba.cat/diba/fitxers/arxiu/fulletons/bib_15920_1926_baixa.pdf |y Accés lliure | |
| 901 | |a Arxiu | ||
| 942 | |n 1 |2 udc | ||
| 952 | |0 0 |1 0 |4 0 |6 RF1248 |7 1 |9 48800 |a Arxiu |b Arxiu |d 2016-12-01 |l 0 |o RF-12-48 |p 15920 |r 2016-12-01 00:00:00 |w 2016-12-01 |y ARXIU | ||
| 999 | |c 52633 |d 52633 | ||
| 900 | |a bib_15920_1926_baixa.pdf | ||